<?xml version="1.0" encoding="UTF-8"?>
<record
    xmlns:xsi="http://www.w3.org/2001/XMLSchema-instance"
    xsi:schemaLocation="http://www.loc.gov/MARC21/slim http://www.loc.gov/standards/marcxml/schema/MARC21slim.xsd"
    xmlns="http://www.loc.gov/MARC21/slim">

  <leader>01756cam a2200289 a 4500</leader>
  <controlfield tag="001">000009851</controlfield>
  <controlfield tag="005">20200929161730.0</controlfield>
  <controlfield tag="008">991005s2000    pr       b   s001 0dspa  </controlfield>
  <datafield tag="020" ind1=" " ind2=" ">
    <subfield code="a">1887627049</subfield>
  </datafield>
  <datafield tag="040" ind1=" " ind2=" ">
    <subfield code="a">DO-SdBNP</subfield>
    <subfield code="b">spa</subfield>
    <subfield code="c">DLC</subfield>
    <subfield code="d">BNPHU</subfield>
  </datafield>
  <datafield tag="082" ind1=" " ind2=" ">
    <subfield code="a">080</subfield>
    <subfield code="b">N234e</subfield>
  </datafield>
  <datafield tag="245" ind1="0" ind2="0">
    <subfield code="a">Narradoras ecuatorianas de hoy :</subfield>
    <subfield code="b">una antolog&#xED;a cr&#xED;tica /</subfield>
    <subfield code="c">Adelaida L&#xF3;pez de Mart&#xED;nez, Gloria de Cunha Giabbai, compiladores.</subfield>
  </datafield>
  <datafield tag="260" ind1=" " ind2=" ">
    <subfield code="a">San Juan, Puerto Rico :</subfield>
    <subfield code="b">Universidad de Puerto Rico,</subfield>
    <subfield code="c">2000.</subfield>
  </datafield>
  <datafield tag="300" ind1=" " ind2=" ">
    <subfield code="a">505 p. ;</subfield>
    <subfield code="c">21 cm.</subfield>
  </datafield>
  <datafield tag="490" ind1="1" ind2=" ">
    <subfield code="a">Mujeres de palabra</subfield>
    <subfield code="v">3</subfield>
  </datafield>
  <datafield tag="504" ind1=" " ind2=" ">
    <subfield code="a">Incluye referencias bibliogr&#xE1;ficas.</subfield>
  </datafield>
  <datafield tag="505" ind1="0" ind2=" ">
    <subfield code="a">Alicia Y&#xE1;nez Coss&#xED;o / Lady Rojas-Trempe -- Eugenia Viteri / Kenton Stone -- Carolina Andrade / Mirta Barrea-Marlys -- Aminta Buena&#xF1;o / Anabella Acevedo-Leal -- Jennie Carrasco Molina / Vicki Rom&#xE1;n-Lagunas -- Gilda Holst / Corina Mathieu -- Luz Argentina Chiriboga / Henry J. Richards y A&#xED;da L. Heredia -- Sonia Manzano / Ana Mar&#xED;a Martinho -- Mar&#xED;a Eugenia Paz y Mi&#xF1;o / Luz Marina Rivas -- Natasha Salguero / Jeanneth V&#xE1;zquez -- Elsy Santill&#xE1;n Flor / Mariela Guti&#xE9;rrez -- Marcela Vintimilla / Daniel Castillo Durante -- Mar&#xED;a del Carmen Garc&#xE9;s / Daniel Castillo Durante -- Liliana Miraglia / Daniel Castillo Durante.</subfield>
  </datafield>
  <datafield tag="650" ind1=" " ind2="4">
    <subfield code="a">Narradoras ecuatorianas contemporaneas</subfield>
    <subfield code="y">SIGLO XX</subfield>
    <subfield code="v">ENTREVISTAS</subfield>
    <subfield code="9">24774</subfield>
  </datafield>
  <datafield tag="650" ind1=" " ind2="4">
    <subfield code="a">Ficci&#xF3;n ecuatoriana</subfield>
    <subfield code="x">Mujeres autoras</subfield>
    <subfield code="x">Historia y cr&#xED;tica</subfield>
    <subfield code="9">24775</subfield>
  </datafield>
  <datafield tag="650" ind1=" " ind2="4">
    <subfield code="a">Ficci&#xF3;n ecuatoriana</subfield>
    <subfield code="y">SIGLO XX</subfield>
    <subfield code="x">Historia y cr&#xED;tica</subfield>
    <subfield code="9">24776</subfield>
  </datafield>
  <datafield tag="650" ind1=" " ind2="4">
    <subfield code="a">Mujeres y literatura</subfield>
    <subfield code="z">Ecuador</subfield>
    <subfield code="9">24777</subfield>
  </datafield>
  <datafield tag="700" ind1="1" ind2=" ">
    <subfield code="a">L&#xF3;pez de Mart&#xED;nez, Adelaida.</subfield>
    <subfield code="9">24778</subfield>
  </datafield>
  <datafield tag="700" ind1="1" ind2=" ">
    <subfield code="a">Cunha-Giabbai, Gloria da.</subfield>
    <subfield code="9">24779</subfield>
  </datafield>
  <datafield tag="830" ind1=" " ind2="0">
    <subfield code="a">Mujeres de palabra ;</subfield>
    <subfield code="v">3</subfield>
    <subfield code="9">24780</subfield>
  </datafield>
  <datafield tag="910" ind1=" " ind2=" ">
    <subfield code="a">Catalogaci&#xF3;n por copia / LC</subfield>
  </datafield>
  <datafield tag="049" ind1=" " ind2=" ">
    <subfield code="a">BNGR</subfield>
  </datafield>
  <datafield tag="952" ind1=" " ind2=" ">
    <subfield code="0">0</subfield>
    <subfield code="1">0</subfield>
    <subfield code="5">2</subfield>
    <subfield code="7">0</subfield>
    <subfield code="8">MO</subfield>
    <subfield code="a">GR</subfield>
    <subfield code="b">GR</subfield>
    <subfield code="c">CT</subfield>
    <subfield code="d">2009-10-01</subfield>
    <subfield code="i">LF1</subfield>
    <subfield code="l">0</subfield>
    <subfield code="o">080 N234e</subfield>
    <subfield code="p">9851-10</subfield>
    <subfield code="r">2020-06-25</subfield>
    <subfield code="w">2020-06-25</subfield>
    <subfield code="y">2</subfield>
    <subfield code="Z">Pr&#xE9;stamo interno</subfield>
  </datafield>
  <datafield tag="999" ind1=" " ind2=" ">
    <subfield code="c">9610</subfield>
    <subfield code="d">9610</subfield>
  </datafield>
</record>
